Name zum Weltführer (1940er) - Bildquiz - Statistiken

Allgemein
  • Dieses Quiz wurde 204 mal gespielt
  • Das Durchschnittsergebnis liegt bei 8 aus 15
Antwortstatistiken
Bildquiz Hint Antwort % Korrekt
Deutschland Adolf Hitler
100%
Sowjetunion Josef Stalin
94%
Vereinigtes Königreich Winston Churchill
85%
Volksrepublik China Mao Zedong
77%
Italien Benito Mussolini
75%
Spanien Francisco Franco
63%
Vereinigte Staaten Franklin D. Roosevelt
59%
Frankreich Charles de Gaulle
58%
Vereinigte Staaten Harry S. Truman
46%
Japan Hirohito
42%
Vereinigtes Königreich Neville Chamberlain
29%
Indien Jawaharlal Nehru
20%
Äthiopien Haile Selassie
18%
China, nationalistische Regierung Chiang Kai-shek
14%
Nordvietnam Hồ Chí Minh
12%
Keine übereinstimmenden Quizze gefunden
Verteilung der Resultate
Anzahl Personen mit jedem Resultat
Perzentil nach korrekt beantworteten Fragen
Ihre Resultats-Entwicklung
Sie haben dieses Quiz noch nicht gespielt